000 00285nam a2200109Ia 4500
008 200302s9999 xx 000 0 und d
100 _aR. A. Burgess & Other
245 _aBuilding Production and Project Management
260 _bThe Construction Press
260 _c1979
300 _a274 P.,
999 _c135
_d135